Starts with Its Only Vowel Quiz Stats

 Plays Quiz Updated Apr 11, 2016

Challenge
Share
Tweet
Embed
Score 0/18 Timer 05:00
1 Play Today
Clue Word % Correct
A unit of length measuring 1/12 of a footINCH
90.5%
A mountain range in Southern EuropeALPS
90.3%
An irritating sensation of the upper surface of the skinITCH
86.2%
Money, food, or other donations given to the poor or needyALMS
79.4%
To produce a pattern or design by using acid to cut a surfaceETCH
74.4%
The curved head of an opening, as a doorwayARCH
73.6%
The book of the New Testament between John and RomansACTS
61.1%
A feeling of dread, anxiety, or nervousnessANGST
57.3%
Numerical expression used in both gambling and statisticsODDS
57.1%
Clue Word % Correct
Actor Omar of 'House' and 'ER'EPPS
56.5%
A looped cross that's the Egyptian symbol of lifeANKH
55.4%
First name of Bond villain BlofeldERNST
38.8%
Namesake of a GM car brand from 1897 to 2004OLDS
38.2%
The largest city in Siberia with over 1,000,000 RussiansOMSK
25.3%
Composer Carl who wrote 'Carmina Burana'ORFF
23.2%
Adolph whose family has run the NY Times since 1896OCHS
15.5%
Interjection of skepticism or disgustUMPH
7%
The condition of being economically unprosperous or miserableILLTH
4.3%

You're not logged in!

Compare scores with friends on all Sporcle quizzes.
OR
Log In

You Might Also Like...

Show Comments

Extras

Top Quizzes Today


Score Distribution

Your Account Isn't Verified!

In order to create a playlist on Sporcle, you need to verify the email address you used during registration. Go to your Sporcle Settings to finish the process.

Report this User

Report this user for behavior that violates our Community Guidelines.

Details: